| 000 | 00417nam a2200157Ia 4500 | ||
|---|---|---|---|
| 008 | 230718s9999 xx 000 0 und d | ||
| 041 | _aeng | ||
| 082 |
_a954.03'5 _bMCG |
||
| 100 |
_aMcGeary J. _9196080 |
||
| 245 | _aThe Words Of Gandhi | ||
| 260 |
_c2000 _bHarper Collins |
||
| 300 | _a113 | ||
| 365 |
_cRs. _b199.00 |
||
| 700 |
_aMcGeary J. _9196080 |
||
| 906 |
_dO:0389303-Jun-2014B:561810-Apr-2014 _cGENRL _b43.78 |
||
| 999 |
_c336287 _d336287 |
||